Property insurance II : (Record no. 164224)

MARC details
000 -LEADER
fixed length control field 00692cam a2200217 4500
008 - FIXED-LENGTH DATA ELEMENTS--GENERAL INFORMATION
fixed length control field
049 ## - LOCAL HOLDINGS (OCLC)
Holding library MAIN
090 ## - LOCALLY ASSIGNED LC-TYPE CALL NUMBER (OCLC); LOCAL CALL NUMBER (RLIN)
Classification number (OCLC) (R) ; Classification number, CALL (RLIN) (NR) HG8051 INS
003 - CONTROL NUMBER IDENTIFIER
control field
005 - DATE AND TIME OF LATEST TRANSACTION
control field 20230123134336.0
040 ## - CATALOGING SOURCE
Transcribing agency NUST
110 ## - MAIN ENTRY--CORPORATE NAME
Corporate name or jurisdiction name as entry element Insurance Institute of South Africa
245 10 - TITLE STATEMENT
Title Property insurance II :
Remainder of title subject 4190/
Statement of responsibility, etc. Insurance Institute of South Africa.
260 ## - PUBLICATION, DISTRIBUTION, ETC.
Place of publication, distribution, etc. Pretoria :
Name of publisher, distributor, etc. Cuppleditch Communications,
Date of publication, distribution, etc. 1995.
300 ## - PHYSICAL DESCRIPTION
Extent [Various pagination.] :
Other physical details ill. ;
Dimensions 29 cm.
440 ## - SERIES STATEMENT/ADDED ENTRY--TITLE
Title Insurance Institute of South Africa.
500 ## - GENERAL NOTE
General note Includes index.
650 #0 - SUBJECT ADDED ENTRY--TOPICAL TERM
Topical term or geographic name entry element Insurance, Property.
907 ## - LOCAL DATA ELEMENT G, LDG (RLIN)
a .b10225651
b 22-01-07
c 22-01-07
942 ## - ADDED ENTRY ELEMENTS (KOHA)
Koha item type Ordinary Loan Books
Call number prefix HG8051 INS
Holdings
Date last seen Total Checkouts Full call number Barcode Cost, replacement price Price effective from Koha item type Lost status Source of classification or shelving scheme Damaged status Not for loan Collection Withdrawn status Home library Current library Shelving location Date acquired Cost, normal purchase price
01/23/2023 1 HG8051 INS 92003012007 80.00 01/23/2023 BOOKS   LCC     NFIC   MAIN MAIN GEN 01/23/2023 80.00